000 00672nam a2200181 i 4500
001 166110
003 ES-MaACL
005 20250827063228.0
008 001024s1868 sp |||| | spa d
080 _a32(460)"1843/68"
100 1 _aTejado y Rodríguez, Gabino,
_d1819-1891
_9155667
245 1 0 _aToda la verdad sobre la presente crisis /
_cpor Gabino Tejado.
260 _aMadrid :
_b[s.n.],
_c1868 (
_fEstab. Tip. de Tejado)
300 _a67 p. ;
_c20 cm.
651 7 _aEspaña-
_xPolítica y gobierno-
_y1843-1868
_2
_9168642
852 4 _aES-MaACL
_jT-92-F-4
_z- Enc. hol., falto de cub. original
_z- Enc. en un vol. facticio
999 _c166110
_d166110